000
00305nam a22001337a 4500
008
170222b xxu||||| |||| 00| 0 eng d
020
_a
9780131184206
041
_a
eng
080
_2
2ND
_a
616.31
100
_a
5
101
_a
SHS
245
_a
SUCCESS! IN DENTAL ASSISTING
_c
GIAQUINTO, C
942
_2
udc
_c
BK
999
_c
6042
_d
6042